00900nam a2200217 i 4500001000700000003000900007005001700016007000300033008004100036100003000077245011400107260003000221300003000251490010200281650005000383700002400433700002900457710007300486830010200559852002100661143499ES-MaACL20230906200831.0t|070214s1981 sp r ||||1| spa d1 aSeoánez Calvo, Mariano.10aContaminación agraria / cMariano Seoánez Calvo, Pilar Oliet Plá ; prólogo de Jaime Lamo de Espinosa. aMadrid : bCIFCA, c1981. a266 p. : bil. ; c24 cm.1 aCuadernos de bibliografía del Centro Internacional de Formación en Ciencias Ambientales ; v4 4aContaminación agrícola-vBibliografías.1 aOliet Plá, Pilar.1 aLamo de Espinosa, Jaime.2 aCentro Internacional de Formación en Ciencias Ambientales (Madrid)0 aCuadernos de bibliografía del Centro Internacional de Formación en Ciencias Ambientales ; v4 aES-MaACLjL-1281